<?xml version="1.0" encoding="UTF-8"?>
<record
    xmlns:xsi="http://www.w3.org/2001/XMLSchema-instance"
    xsi:schemaLocation="http://www.loc.gov/MARC21/slim http://www.loc.gov/standards/marcxml/schema/MARC21slim.xsd"
    xmlns="http://www.loc.gov/MARC21/slim">

  <leader>00453nam a2200181Ia 4500</leader>
  <controlfield tag="008">230711s9999||||xx |||||||||||||| ||und||</controlfield>
  <datafield tag="020" ind1=" " ind2=" ">
    <subfield code="a">978-81-203-4738-0</subfield>
  </datafield>
  <datafield tag="041" ind1=" " ind2=" ">
    <subfield code="a">ENG</subfield>
  </datafield>
  <datafield tag="082" ind1=" " ind2=" ">
    <subfield code="a">539.7</subfield>
    <subfield code="b">MI-I</subfield>
  </datafield>
  <datafield tag="100" ind1=" " ind2=" ">
    <subfield code="a">Mittal,V.K</subfield>
  </datafield>
  <datafield tag="245" ind1=" " ind2="0">
    <subfield code="a">Introduction to Nuclear and Particle Physics</subfield>
  </datafield>
  <datafield tag="250" ind1=" " ind2=" ">
    <subfield code="a">3rd Ed.</subfield>
  </datafield>
  <datafield tag="260" ind1=" " ind2=" ">
    <subfield code="c">2013</subfield>
    <subfield code="a">New Delhi</subfield>
    <subfield code="b">PHI Learning Private Limited</subfield>
  </datafield>
  <datafield tag="300" ind1=" " ind2=" ">
    <subfield code="a">398p.</subfield>
  </datafield>
  <datafield tag="650" ind1=" " ind2=" ">
    <subfield code="a">Physics</subfield>
  </datafield>
  <datafield tag="700" ind1=" " ind2=" ">
    <subfield code="a">Verma,R.C</subfield>
  </datafield>
  <datafield tag="942" ind1=" " ind2=" ">
    <subfield code="c">BK</subfield>
  </datafield>
  <datafield tag="952" ind1=" " ind2=" ">
    <subfield code="0">0</subfield>
    <subfield code="1">0</subfield>
    <subfield code="4">0</subfield>
    <subfield code="7">0</subfield>
    <subfield code="8">C</subfield>
    <subfield code="a">MCL</subfield>
    <subfield code="b">MCL</subfield>
    <subfield code="d">2043-11-02</subfield>
    <subfield code="e">Krishna Book Distributors</subfield>
    <subfield code="g">425.00</subfield>
    <subfield code="i">KBD/2017-2018/1020143059</subfield>
    <subfield code="l">0</subfield>
    <subfield code="o">539.7 MI-I</subfield>
    <subfield code="p">40377</subfield>
    <subfield code="r">2023-08-17 14:05:53</subfield>
    <subfield code="w">2023-08-17</subfield>
    <subfield code="y">BK</subfield>
  </datafield>
  <datafield tag="952" ind1=" " ind2=" ">
    <subfield code="0">0</subfield>
    <subfield code="1">0</subfield>
    <subfield code="4">0</subfield>
    <subfield code="7">0</subfield>
    <subfield code="8">C</subfield>
    <subfield code="a">MCL</subfield>
    <subfield code="b">MCL</subfield>
    <subfield code="d">2043-11-02</subfield>
    <subfield code="e">Krishna Book Distributors</subfield>
    <subfield code="g">425.00</subfield>
    <subfield code="i">KBD/2017-2018/1020143059</subfield>
    <subfield code="l">1</subfield>
    <subfield code="o">539.7 MI-I</subfield>
    <subfield code="p">40378</subfield>
    <subfield code="r">2025-02-18 11:03:09</subfield>
    <subfield code="s">2024-09-10</subfield>
    <subfield code="w">2023-08-17</subfield>
    <subfield code="y">BK</subfield>
  </datafield>
  <datafield tag="952" ind1=" " ind2=" ">
    <subfield code="0">0</subfield>
    <subfield code="1">0</subfield>
    <subfield code="4">0</subfield>
    <subfield code="7">0</subfield>
    <subfield code="8">C</subfield>
    <subfield code="a">MCL</subfield>
    <subfield code="b">MCL</subfield>
    <subfield code="d">2043-11-02</subfield>
    <subfield code="e">Krishna Book Distributors</subfield>
    <subfield code="g">425.00</subfield>
    <subfield code="i">KBD/2017-2018/1020143059</subfield>
    <subfield code="l">5</subfield>
    <subfield code="o">539.7 MI-I</subfield>
    <subfield code="p">40379</subfield>
    <subfield code="r">2025-03-12 09:40:46</subfield>
    <subfield code="s">2025-02-18</subfield>
    <subfield code="w">2023-08-17</subfield>
    <subfield code="y">BK</subfield>
  </datafield>
  <datafield tag="952" ind1=" " ind2=" ">
    <subfield code="0">0</subfield>
    <subfield code="1">0</subfield>
    <subfield code="4">0</subfield>
    <subfield code="7">0</subfield>
    <subfield code="8">C</subfield>
    <subfield code="a">MCL</subfield>
    <subfield code="b">MCL</subfield>
    <subfield code="d">2043-11-02</subfield>
    <subfield code="e">Krishna Book Distributors</subfield>
    <subfield code="g">425.00</subfield>
    <subfield code="i">KBD/2017-2018/1020143059</subfield>
    <subfield code="l">2</subfield>
    <subfield code="o">539.7 MI-I</subfield>
    <subfield code="p">40380</subfield>
    <subfield code="r">2025-03-10 11:18:56</subfield>
    <subfield code="s">2025-02-18</subfield>
    <subfield code="w">2023-08-17</subfield>
    <subfield code="y">BK</subfield>
  </datafield>
  <datafield tag="999" ind1=" " ind2=" ">
    <subfield code="c">6775</subfield>
    <subfield code="d">6775</subfield>
  </datafield>
</record>
